Normal view
MARC view
- تاليف حوامدة، باسم علي؛م.مشارك شاهر ذيب أبو شريخ
Entry Personal Name
001 - CONTROL NUMBER
- control field: 11798
003 - CONTROL NUMBER IDENTIFIER
- control field: JO-AjAnu
005 - DATE AND TIME OF LATEST TRANSACTION
- control field: 20230606072206.0
008 - FIXED-LENGTH DATA ELEMENTS
- fixed length control field: 230606|| aca||aabn | a|a d
040 ## - CATALOGING SOURCE
- Original cataloging agency: JO-AjAnu
- Transcribing agency: JO-AjAnu
100 ## - HEADING--PERSONAL NAME
- Personal name: تاليف حوامدة، باسم علي؛م.مشارك شاهر ذيب أبو شريخ
670 ## - SOURCE DATA FOUND
- Source citation: Work cat.: (JO-AjAnu)6077: تاليف حوامدة، باسم علي؛م.مشارك شاهر ذيب أبو شريخ, author, تعليم اللغة العربية للصفوف الثلاثة الأولى:النظرية والتطبيق